| 000 | 00829nam a2200229Ia 4500 | ||
|---|---|---|---|
| 003 | GCL | ||
| 005 | 20240530105853.0 | ||
| 008 | 140319s9999 xx 000 0 ara d | ||
| 020 | _a9773275345 | ||
| 040 |
_aGCL / _cGCL |
||
| 082 | 0 | 4 |
_a296.43 _bص ا |
| 100 | 1 | _aصفاء ابوشادى | |
| 245 | 1 | 0 |
_aالاعياد والمواسم فى الديانة اليهودية : _bدراسة تاريخية / _cصفاء ابوشادى |
| 260 |
_aالقاهرة : _bدار الوفاء لدنيا الطباعة والنشر ، _c2005 |
||
| 300 |
_a429 ص ؛ _c28 سم |
||
| 650 | 0 | 4 | _aالصهيونية |
| 650 | 0 | 4 | _aالاعياد الدينية |
| 650 | 0 | 4 | _aالمعابد اليهودية |
| 650 | 0 | 4 | _aالاعياد الدينية اليهودية |
| 650 | 0 | 4 | _aاليهودية - احتفالات |
| 942 |
_2ddc _cBK |
||
| 999 |
_c57460 _d57460 |
||